00788nam a2200229Ia 450000500170000000800410001704000190005804100120007708200150008924501160010426000440022030000120026450400400027663000220031665000290033865100260036770000290039385000100042294200070043299900170043995201020045620221020145121.0131103s9999 xx 000 0 und d aLoreto College aEnglish a155.2bSAN aResearch in developmental, personality, and social psychologycedited by Filmore H. Sanford and E. John Capaldi aNew DelhibPrentice-Hall of Indiac1967 ax,190p  aIncludes bibliographical references aSocial Psychology aDevelopmental Psychology aIndividual Psychology aSanford, Filmore H., ed. aLCLIB cBK c18519d68998 00102ddc4070aMAINbMAINd2013-11-04l0o155.2 SAN 18043pB19158r2013-11-04w2013-11-04yBKf